Statistics for Obfuscations of Movie Titles #1

Click here to take the quiz!

General Stats

  • This quiz has been taken 45,363 times
  • The average score is 10 of 16

Answer Stats

ObfuscationMovie% Correct
Activities of a choreographic nature with lupine creaturesDances with Wolves
84%
My humongous obese Hellenist nuptialsMy Big Fat Greek Wedding
82%
Person of impaired intellectual ability and person whose impairments exceed the formerDumb and Dumber
73%
Producing melodious intonations while exposed to liquid precipitation Singin' in the Rain
73%
Recreational area of the intermediate period of the Mesozoic eraJurassic Park
68%
Reverting to a more advanced position on the chronological scaleBack to the Future
66%
Lack of audible emanations of the juvenile ovine creaturesThe Silence of the Lambs
65%
Pilferers of the misplaced storehouse of scriptural materialRaiders of the Lost Ark
61%
Residing in a domicile sans accompanimentHome Alone
60%
Duodectet of wrathful adult male homo sapiens12 Angry Men
56%
Bird of the genus Cygnus that reflects no light in the visible spectrumBlack Swan
53%
Trio of individuals who employ obsolete firearms technologyThe Three Musketeers
52%
Neonate with a monetary value of 106 units of United States currencyMillion Dollar Baby
49%
Altitudinous area with a dysfunctional vertebral columnBrokeback Mountain
42%
Canines of the repository of potable liquid dihydrogen monoxideReservoir Dogs
40%
A subset of individuals express a preference for an elevated level of thermal energySome Like it Hot
37%

Score Distribution

Percentile by Number Answered

Percent of People with Each Score

Your Score History

You have not taken this quiz